000 01716nam a2200217 4500
001 0000000582
005 20250329165448.0
008 170718s2020 000 0 eng d
040 _aCO-CtgCURN
_bspa
_ccoctgcurn
082 0 _aINS 2020
_bM372
100 1 _aMarsiglia Ramírez, Alvaro.
245 1 0 _aCiberseguridad en Colombia /
_cAlÏvaro Marsiglia Ramírez.
260 _aCartagena de Indias :
_bCorporación Universitaria Rafael Nuñez,
_c2020.
300 _a16 hojas.
504 _aTrabajo de grado (Ingeniero de Sistemas). Corporación Universitaria Rafael Nuñez. Facultad de Ingenieria. Ingenieria de Sistemas, 2020.
520 _a"El presente artículo tiene como objetivo indagar sobre la ciberseguridad en Colombia y las todas aquellas medidas preventivas que se usan en el país para la protección y preservación de la información de todas las personas, al igual que de las entidades tanto públicas como privadas. El uso de la tecnología en Colombia va en aumento cada día, debido a esto es necesario proteger la integridad de la información, así como las estrategias que adoptan las entidades responsables de proteger y resguardar la información. Además de conocer cuáles son dichas entidades, el rol que ocupa y que estrategias utilizan para la protección de la información"
650 0 _aIngenieria de sistemas
_xTesis y disertaciones academicas.
856 7 _uhttps://unicurn.sharepoint.com/:b:/s/biblioteca/EbCo8_sibRxBpahGZshTqLoBXLQ6jifpvowBOzo3FVh2eg?e=a9iWgy
_zClick aqui para ver el recurso en texto completo
942 _hINS 2020
_iM372
_2ddc
_cTG
999 _c4810
_d4810